Movies Quiz

Random Movies Quiz

Greatest (Movie) Heroes and Villains Quiz Stats

 Plays Quiz not verified by Sporcle

Support Sporcle.
Go Orange.
Score 0/40 Timer 10:00
0 Plays Today
Hint Answer % Correct
VillainDarth Vader, The Empire Strikes Back
74.4%
VillainDr Hannibal Lecter, The Silence of the Lambs
56.4%
HeroIndiana Jones, Raiders of the Lost Ark
43.6%
VillainMichael Corleone, The Godfather: Part II
41%
HeroJames Bond, Dr No
38.5%
VillainNorman Bates, Psycho
38.5%
HeroAtticus Finch, To Kill a Mockingbird
33.3%
HeroRick Blaine, Casablanca
33.3%
HeroRocky Balboa, Rocky
30.8%
VillainThe Wicked Witch of the West, Wizard of Oz
30.8%
VillainNurse Ratched, One Flew Over the Cuckoo's Nest
30.8%
VillainThe Alien, Alien
30.8%
VillainCaptain Bligh, Mutiny on the Bounty
28.2%
VillainThe Shark, Jaws
25.6%
HeroEllen Ripley, Aliens
23.1%
VillainThe Queen, Snow White an the 7 Dwarfs
23.1%
VillainMan, Bambi
23.1%
HeroJefferson Smith, Mr Smith Goes to Washington
20.5%
HeroButch Cassidy and the Sundance Kid, same
20.5%
VillainMr Potter, It's a Wonderful Life
20.5%
Hint Answer % Correct
VillainHAL 9000, 2001: A Space Odyssey
20.5%
HeroGeorge Bailey, It's a wonderful Life
17.9%
HeroOskar Schindler, Schindlers List
17.9%
HeroRobin Hood, The Adventures of Robin Hood
17.9%
VillainAmon Goeth, Schindler's List
17.9%
VillainAnnie Wilkes, Misery
17.9%
HeroClarise Starling, The Silence of the lambs
12.8%
HeroShane, Shane
12.8%
HeroVirgile Tibbs, In the Heat of the Night
12.8%
VillainAlex Forest, Fatal Attraction
12.8%
VillainAlex De Large, A Clockwork Orange
12.8%
HeroWill Kane, High Noon
10.3%
HeroTE Lawrence, Lawrence of Arabia
10.3%
HeroTom Joad, The Grapes of Wrath
7.7%
HeroNorma Rae Webster, Norma Rae
7.7%
VillainRegan MacNeal, The Excorcist
7.7%
VillainNoah Cross, Chinatown
7.7%
VillainPhyllis Dietrichson, Double Indemnity
5.1%
HeroHan Solo, Star Wars
2.6%
HeroHarry Callahan, Dirty Harry
2.6%

You're not logged in!

Compare scores with friends on all Sporcle quizzes.
OR
Log In

From the Vault

'G' Sorting Gallery

by alinrotundu

Gee whiz. What a great quiz.
Remove Ads.
Support Sporcle.
Get the best of Sporcle when you Go Orange. This ad-free experience offers more features, more stats, and more fun while also helping to support Sporcle. Thank you for becoming a member.

Show Comments

Extras

Created Jan 14, 2016SourceReportNominate
Tags:greatest, Here

Top Quizzes Today


Score Distribution

Your Account Isn't Verified!

In order to create a playlist on Sporcle, you need to verify the email address you used during registration. Go to your Sporcle Settings to finish the process.

Report this User

Report this user for behavior that violates our Community Guidelines.

Details: